Statistics for descendants

Click here to take the quiz!

General Stats

  • This quiz has been taken 20 times
  • The average score is 5 of 12

Answer Stats

hintanswer% Correct
how old was mal in d1?16
100%
who is the parent of gil?Gaston
100%
what year was d2 released?2017
81%
who dyes Mal's hair?dizzy
75%
who plays ben son of belle and Adam?Mitchell Hope
56%
who are the kids of Smee?squeaky and squirmy
50%
in the cast of descendants
who plays harry hook?
Thomas Doherty
44%
what movie is rotten to the core from?
(let Dadda try it)
d1
19%
what type of vehicle does mal ride back to the isle?a moped
6%
what does mal want to be when she grows up?artist
6%
why did jane steel the wand in d1?because she wanted to be beautiful
0%
what is Mal's plan to do when the barrier unlocks?learn to swim
0%

Score Distribution

Percentile by Number Answered

Percent of People with Each Score

Your Score History

You have not taken this quiz